000 01043nam a2200421Ia 4500
001 139227
003 231418
005 20240715174647.0
008 ||||||n9999 ||| || ||
082 _a158.9
100 _aJames, Muriel
_9170400
245 0 _aNacidos para triunfar
_banálisis transaccional con experimentos Gestalt
_cMuriel James, Dorothy Jongeward... ; versión española hecha con la colaboración de Ezequiel Nieto Cardoso ... [et al.]
504 _aIncluye bibliografía
562 _e1
650 _aPSICOLOGIA GESTALT
_9170401
650 _aPSICOTERAPIA
_9170402
942 _cBKM
999 _c139227
_d139227
526 _a
526 _a17598
526 _a102617
526 _a102618
526 _a15794
526 _a102619
526 _a1703
526 _a102620
526 _a10406
526 _a105630
526 _a1698
526 _a116204
526 _a51868
526 _a4969
526 _a19790
526 _a104436
526 _a5144
526 _a1697
526 _a3899
526 _a9683